| 000 | 00961nam a22002415i 4500 | ||
|---|---|---|---|
| 001 | 163493 | ||
| 003 | ES-MaACL | ||
| 005 | 20250726063043.0 | ||
| 008 | 040922q1900 sp |||| | spa d | ||
| 040 |
_aCAM _bspa _cCAM |
||
| 080 | _a655.24/.28 | ||
| 110 | 2 |
_aFundición Tipográfica de Richard Gans (Madrid) _eisb _9134818 |
|
| 245 | 1 | 0 | _aMuestrario de caracteres y útiles de imprenta de la Fundición Tipográfica Richard Gans, Madrid |
| 260 |
_aMadrid : _b[s.n., _cca. 1900] _f(Fundición Tipográfica de Richard Gans) |
||
| 300 |
_a1 volumen : _bilustraciones ; _c25 cm |
||
| 500 | _aDatos tomados de la cub. cromolit. | ||
| 650 | 7 |
_aTipos de imprenta _2embne _9147448 |
|
| 650 | 7 |
_aImprenta _2embne _913605 |
|
| 852 |
_aES-MaACL _cDEPO2 _fEx-libris ms. de Rufino Iglesias _jF-1320 _xEnc. editorial en tela: "F.A. Barthel, grabador, Leipzig" |
||
| 942 |
_2udc _cMONANT _n0 |
||
| 999 |
_c163493 _d163493 |
||